000 00784cam a22001934a 4500
005 20250605164131.0
008 250528s ||||||||||||||||||||||||d
035 _a18643
020 _a520031512
040 _aGR-AtMCL
_bgre
_dGR-AtMCL
_eAACR2
245 1 _aMovies and Methods / An Anthology Volume I
260 _bUniversity Of California Press,
_c1976
300 _a642
520 _aA fundamental resource for film scholarship and teaching. Acknowledgements, Introduction, Contextual Criticism, Political Criticism, Genre Criticism, Feminist Criticism, Formal Criticism, Auteur Criticism, Mise-En-Scene Criticism, Theory, Film Theory, Structuralism and Semiology, Glossary, Index.
700 1 _aNichols Bill
_94908
942 _cBK
999 _c3990
_d3990